Geograficzne ruszanie się po państwach - Statystyki

Ogólne statystyki
  • Ten quiz został rozwiązany 278 razy
  • Średni wynik to 9 z 15
Statystyki odpowiedzi
Kierunek Państwo % Poprawnych
Start w Polsce Polska
100%
Wschód Rosja
91%
Północny Wschód Białoruś
90%
Południe Ukraina
90%
Między Kazachstanem a Mongolią Chiny
84%
Południe Wietnam
67%
Południowy Zachód Kambodża
57%
Zachód Tajlandia
56%
Północny Zachód Indie
44%
Zachód Mjanma
42%
Zachód Pakistan
42%
Północ Afganistan
39%
Zachód Iran
39%
Północny Zachód (i Wschód) Azerbejdżan
22%
Północny Zachód Gruzja
22%
Nie znaleziono quizów pasujących do podanych kryteriów
Rozkład punktacji
Procent ludzi z każdym wynikiem
Percentyl według liczby udzielonych odpowiedzi
Twoja historia wyników
Nie rozwiązałeś tego quizu